Devine de quelle langue est la phrase VERSION FACILE - Statistiques

Statistiques générales
  • Ce quiz a été pris 247 fois
  • Le résultat moyen est 11 sur 15
Statistiques - réponses
Question Réponse % Correct
I love bananas. Anglais 🇺🇸
100%
احب الموز Arabe 🇹🇳
100%
J’aime les bananes. Français 🇫🇷
100%
我喜歡香蕉 Chinois 🇨🇳
88%
μου αρέσουν οι μπανάνες Grec 🇬🇷
88%
Mi piacciono le banane. Italien 🇮🇹
88%
мне нравятся бананы. Russe 🇷🇺
82%
Tôi thích chuối. Vietnamien 🇻🇳
82%
Lubię banany. Polonais 🇵🇱
71%
Ech hu gär Bananen. Luxembourgeois 🇱🇺
65%
Ich mag bananen. Allemand 🇩🇪
59%
Szeretem a banánt. Hongrois 🇭🇺
59%
M'agraden els plàtans. Catalan 🇪🇸
53%
Më pëlqejnë bananet. Albanais 🇦🇱
24%
Pidän banaaneista. Finnois 🇫🇮
24%
Aucun quiz correspondant
Distribution des résultats
% des personnes avec chaque résultat
Percentile par nombre de réponses
Votre historique - résultats
Vous n’avez pas pris ce quiz